Normal view
MARC view
- الزاهد، أبي عمر محمد بن عبدالله عبد الواحد برواية إبن خالوية؛ تحقيق وتعليق يحيى عبد الرؤوف جبر
Entry Personal Name
001 - CONTROL NUMBER
- control field: 17063
003 - CONTROL NUMBER IDENTIFIER
- control field: JO-AjAnu
005 - DATE AND TIME OF LATEST TRANSACTION
- control field: 20230606073024.0
008 - FIXED-LENGTH DATA ELEMENTS
- fixed length control field: 230606|| aca||aabn | a|a d
040 ## - CATALOGING SOURCE
- Original cataloging agency: JO-AjAnu
- Transcribing agency: JO-AjAnu
100 ## - HEADING--PERSONAL NAME
- Personal name: الزاهد، أبي عمر محمد بن عبدالله عبد الواحد برواية إبن خالوية؛ تحقيق وتعليق يحيى عبد الرؤوف جبر
670 ## - SOURCE DATA FOUND
- Source citation: Work cat.: (JO-AjAnu)8760: الزاهد، أبي عمر محمد بن عبدالله عبد الواحد برواية إبن خالوية؛ تحقيق وتعليق يحيى عبد الرؤوف جبر, author, العشرات في غريب اللغة